000
00300 a2200145 4500
001
162629
020
_a
040
_c
Magnum
100
_a
Souza, Sergio Jeremias
240
1
0
_a
Meu amiguinho drumps
_l
por
245
1
0
_a
Meu amiguinho drumps
362
0
_a
1899
697
_a
IJ/GERAL
942
_c
BK
999
_c
162629
_d
162629